Cách sử dụng ngôn ngữ ma trận trong lý thuyết tính hệ thanh

Trình bày cách sử dụng ngôn ngữ ma trận để xây dựng thuật toán tĩnh các hệ thanh không gian và hệ thanh phẳng với các nội dung như cách lập ma trận nội lực cho hệ thanh tĩnh định, cách lập ma trận chuyển vị, cách tính hệ thanh siêu tĩnh,....

詳細記述

保存先:
書誌詳細
第一著者: Lều, Thọ Trình
フォーマット: 図書
言語:Undetermined
出版事項: Hà Nội Xây dựng 2007
主題:
タグ: タグ追加
タグなし, このレコードへの初めてのタグを付けませんか!
Thư viện lưu trữ: Trung tâm Học liệu Trường Đại học Cần Thơ
LEADER 01084nam a2200205Ia 4500
001 CTU_168552
008 210402s9999 xx 000 0 und d
020 |c 49000 
082 |a 620.1 
082 |b Tr312 
100 |a Lều, Thọ Trình 
245 0 |a Cách sử dụng ngôn ngữ ma trận trong lý thuyết tính hệ thanh 
245 0 |c Lều Thọ Trình, Lều Mộc Lan 
260 |a Hà Nội 
260 |b Xây dựng 
260 |c 2007 
520 |a Trình bày cách sử dụng ngôn ngữ ma trận để xây dựng thuật toán tĩnh các hệ thanh không gian và hệ thanh phẳng với các nội dung như cách lập ma trận nội lực cho hệ thanh tĩnh định, cách lập ma trận chuyển vị, cách tính hệ thanh siêu tĩnh,...và các vấn đề khác của cơ học kết cấu 
650 |a Ma trận,Mechanics,Matrix,Cơ học 
904 |i Ánh Vân, Bạch Trúc 
980 |a Trung tâm Học liệu Trường Đại học Cần Thơ